Epidemiología clínica investigación clínica aplicada (Registro nro. 44167)
[ vista simple ]
| 000 -ENCABEZADO | |
|---|---|
| Número de control [NR] | 00949nam a2200253Ia 4500 |
| 005 - FECHA Y HORA DE LA ÚLTIMA TRANSACCIÓN | |
| control field | 20211105120427.0 |
| 008 - DE LONGITUD FIJA DE DATOS DE ELEMENTOS - INFORMACIÓN GENERAL | |
| Elementos de longitud fija [NR] | 130821s2004 ck a gr spa |
| 020 ## - NUMERO INTERNACIONAL NORMALIZADO PARA LIBROS [R] | |
| Número Internacional Normalizado del libro [NR] | 847903940X |
| 020 ## - NUMERO INTERNACIONAL NORMALIZADO PARA LIBROS [R] | |
| Número Internacional Normalizado del libro [NR] | 9589181759 |
| 040 ## - FUENTE DE CATALOGACION [NR] | |
| Agencia de catalogación original [NR] | Co-BoUCM |
| Idioma de catalogación [NR] | spa |
| Quien Cataloga | [Nuevo] |
| Quien Clasifica | Aldemar Mondragón (modificó) |
| 041 00 - CODIGO DE IDIOMA [R] | |
| Código de idioma para texto/pista de sonido o título separado [R] | Español |
| 060 04 - SIGNATURA TOPOGRAFICA DE LA BIBLIOTECA NACIONAL DE MEDICINA (NLM) [R] | |
| Número clasificador [R] | WA 950 |
| 100 1# - ASIENTO PRINCIPAL--NOMBRE PERSONAL [NR] | |
| Nombre personal [NR] | Ruiz Morales, Álvaro |
| ID Autoridad | 61275 |
| 245 10 - MENCION DE TITULO [NR] | |
| Título [NR] | Epidemiología clínica investigación clínica aplicada |
| Mención de responsabilidad, etc. [NR] | Álvaro Ruiz Morales, Luis Enrique Morillo Zárate |
| 260 ## - PUBLICACION, DISTRIBUCION, ETC. (PIE DE IMPRENTA) [R] | |
| Lugar de publicación, distribución, etc. [R] | Bogotá (Colombia) |
| Nombre del editor, distribuidor, etc. [R] | Médica Internacional |
| Fecha de publicación, distribución, etc. [R] | 2004 |
| 300 ## - DESCRIPCION FISICA [R] | |
| Extensión [R] | 569 páginas |
| Otros detalles físicos [NR] | ilustraciones, gráficas, cuadros |
| Material acompañante [NR] | 1 CD-ROM |
| 650 04 - ASIENTO SECUNDARIO DE MATERIA - TERMINO TEMATICO [R] | |
| Término temático o nombre geográfico como elemento de entrada [NR] | Epidemiología clínica |
| 9 (RLIN) | 133 |
| 650 04 - ASIENTO SECUNDARIO DE MATERIA - TERMINO TEMATICO [R] | |
| Término temático o nombre geográfico como elemento de entrada [NR] | Investigación clínica |
| 9 (RLIN) | 17979 |
| 650 04 - ASIENTO SECUNDARIO DE MATERIA - TERMINO TEMATICO [R] | |
| Término temático o nombre geográfico como elemento de entrada [NR] | Investigación |
| Subdivisión general [R] | Protocolos |
| 9 (RLIN) | 17968 |
| 650 04 - ASIENTO SECUNDARIO DE MATERIA - TERMINO TEMATICO [R] | |
| Término temático o nombre geográfico como elemento de entrada [NR] | Literatura médica |
| 9 (RLIN) | 18704 |
| 650 04 - ASIENTO SECUNDARIO DE MATERIA - TERMINO TEMATICO [R] | |
| 9 (RLIN) | 14660 |
| Término temático o nombre geográfico como elemento de entrada [NR] | Epidemiología |
| 700 1# - ASIENTO SECUNDARIO - NOMBRE PERSONAL [R] | |
| Nombre personal [NR] | Morillo Zárate, Luis Enrique |
| 9 (RLIN) | 61276 |
| 942 ## - ELEMENTOS DE ENTRADA AGREGADOS (KOHA) | |
| Tipo de ítem principal el descrito en 300a | Libro |
| Tema principal | Medicina |
| Edición | 1 |
| Parte restante de la signatura top. | R894e |
| Sistema de clasificación | NLM |
| Clasificación | WA 950 |
| Título oculto en OPAC | No |
| Fecha de último préstamo | Signatura topográfica | Código de barras | Última vez visto | Volúmen / Fascículo | Ejemplar | Price effective from | Tipo de ítem | Perdido | Sistema de clasificación | Dañado | No prestable | Tipo de ítem específico | Suprimido | Ubicación habitual | Ubicación actual | Localización | Fecha de creación | Forma de adquisición | Costo | Total préstamos | Total Renewals |
|---|---|---|---|---|---|---|---|---|---|---|---|---|---|---|---|---|---|---|---|---|---|
| 27/08/2025 | WA 950 R934e | 200016543 | 12/12/2025 | Ej.5 | 03/02/2013 | Libro | NLM | Libro | Hospital Universitario Mayor | Hospital Universitario Mayor | 9no piso | 08/02/2008 | Donación | 26000.00 | 15 | 2 | |||||
| 02/06/2023 | WA 950 R934e | 200012537 | 01/12/2025 | Ej.4 | 03/02/2013 | Libro | NLM | Libro | Hospital Universitario Mayor | Hospital Universitario Mayor | 9no piso | 28/02/2006 | Compra | 26000.00 | 61 | 6 | |||||
| 17/11/2010 | WA 950 R934e | 200020717 | 12/12/2025 | CD-ROM | Ej.4 | 03/02/2013 | Multimedia | DEWEY | CD-Rom | Quinta de Mutis | Quinta de Mutis | Colección digital | 28/02/2010 | Compra | 90000.00 | ||||||
| 24/09/2024 | WA 950 R934e | 200020716 | 12/12/2025 | Ej.3 | 03/02/2013 | Libro | NLM | Libro | Quinta de Mutis | Quinta de Mutis | 1er piso | 28/02/2010 | Compra | 90000.00 | 99 | 36 | |||||
| 04/08/2018 | WA 950 R934e | 200009920 | 12/12/2025 | Ej.1 | 03/02/2013 | Libro de reserva | NLM | Libro de reserva | Quinta de Mutis | Quinta de Mutis | 1er piso | 28/02/2004 | Compra | 60000.00 | 13 | ||||||
| 23/04/2026 | WA 950 R934e | 200010954 | 23/04/2026 | Ej.2 | 03/02/2013 | Libro | NLM | Libro | Quinta de Mutis | Quinta de Mutis | 1er piso | 28/02/2005 | Donación | 26000.00 | 180 | 31 | |||||
| WA 950 R934e | 200010955 | 12/12/2025 | CD-ROM | Ej.2 | 03/02/2013 | Multimedia | DEWEY | CD-Rom | Quinta de Mutis | Quinta de Mutis | Colección digital | 28/02/2005 | Donación | 26000.00 | |||||||
| 06/08/2007 | WA 950 R934e | 200012538 | 12/12/2025 | CD-ROM | Ej.3 | 03/02/2013 | Multimedia | DEWEY | CD-Rom | Quinta de Mutis | Quinta de Mutis | Colección digital | 28/02/2006 | Compra | 26000.00 | 3 | |||||
| 04/05/2016 | WA 950 R934e | 200009921 | 12/12/2025 | CD-ROM | Ej.1 | 03/02/2013 | Multimedia | DEWEY | CD-Rom | Quinta de Mutis | Quinta de Mutis | Colección digital | 28/02/2010 | Compra | 26000.00 | 2 | 3 |